[Event "Budapest FS12 IM-A"]
[Site "Budapest"]
[Date "2006.12.02"]
[Round "1"]
[White "Fette, Martin"]
[Black "Humphrey, Jonathan"]
[Result "1/2-1/2"]
[WhiteElo "2315"]
[BlackElo "2256"]
[PlyCount "72"]
[EventDate "2006.12.02"]
[EventType "tourn"]
[EventRounds "13"]
[EventCountry "HUN"]
[EventCategory "2"]
[SourceTitle "CBM 115 Extra"]
[Source "ChessBase"]
[SourceDate "2007.01.10"]
[SourceVersion "1"]
[SourceVersionDate "2007.01.10"]
[SourceQuality "1"]

1. e4 c5 2. Nf3 e6 3. Nc3 a6 4. d4 cxd4 5. Nxd4 b5 6. Bd3 Qb6 7. Be3 Bc5 8. Nce2 Nf6 9. c3 Ng4 10. b4 Nxe3 11. fxe3 Bd6 12. 0-0 Nc6 13. Kh1 Ne5 14. Nf4 Bb7 15. a4 bxa4 16. Rxa4 0-0 17. Bb1 Rfc8 18. Qe1 a5 19. Rxa5 Rxa5 20. bxa5 Qxa5 21. Qg3 Rxc3 22. Nh5 Bf8 23. Nf6+ Kh8 24. Nd5 exd5 25. Qxe5 Qc5 26. Bc2 dxe4 27. Rxf7 Rxe3 28. g4 Qb4 29. Kg2 h6 30. Qe8 Kg8 31. Qxd7 Rf3 32. Nxf3 exf3+ 33. Kh3 Bc8 34. Rxg7+ Bxg7 35. Qxc8+ Qf8 36. Qe6+ Qf7 1/2-1/2

[Event "BL2-Nord 0102"]
[Site "Germany"]
[Date "2001.10.07"]
[Round "1.6"]
[White "Fette, Martin"]
[Black "Glienke, Manfred"]
[Result "1/2-1/2"]
[WhiteElo "2339"]
[BlackElo "2361"]
[PlyCount "39"]
[EventDate "2001.10.07"]
[EventType "team-tourn"]
[EventRounds "9"]
[EventCountry "GER"]
[SourceTitle "CBM 088 Extra"]
[Source "ChessBase"]
[SourceDate "2002.07.01"]
[SourceVersion "2"]
[SourceVersionDate "2002.07.01"]
[SourceQuality "1"]
[WhiteTeam "Koenig Tegel"]
[BlackTeam "Kreuzberg"]
[WhiteTeamCountry "GER"]
[BlackTeamCountry "GER"]

1. e4 c5 2. Nf3 d6 3. Bc4 Nc6 4. c3 Nf6 5. d3 e6 6. Bb3 Be7 7. 0-0 0-0 8. Re1 b6 9. Nbd2 Ba6 10. Nf1 Rc8 11. Ng3 Qd7 12. a3 Ne5 13. Bc2 Nxf3+ 14. Qxf3 Bb7 15. Qe2 Rfd8 16. Bf4 Bc6 17. Rac1 a5 18. h3 Qb7 19. d4 Qd7 20. Bd3 1/2-1/2

[Event "Leutersdorf Muench Braeu op 06th"]
[Site "Leutersdorf"]
[Date "2001.02.15"]
[Round "8"]
[White "Feige, Manuel"]
[Black "Fette, Martin"]
[Result "1/2-1/2"]
[WhiteElo "2266"]
[BlackElo "2348"]
[PlyCount "64"]
[EventDate "2001.02.11"]
[EventType "swiss"]
[EventRounds "9"]
[EventCountry "GER"]
[SourceTitle "EXT 2002"]
[Source "ChessBase"]
[SourceDate "2001.11.25"]
[SourceVersion "1"]
[SourceVersionDate "2001.11.25"]
[SourceQuality "1"]

1. d4 d5 2. c4 Nc6 3. Nf3 Bg4 4. cxd5 Bxf3 5. dxc6 Bxc6 6. Nc3 e6 7. e4 Bb4 8. f3 Qh4+ 9. g3 Qh5 10. Be3 0-0-0 11. Bd3 f5 12. 0-0 fxe4 13. fxe4 Qxd1 14. Raxd1 Nf6 15. Bc4 Bxc3 16. bxc3 Nxe4 17. Bxe6+ Bd7 18. Bxd7+ Rxd7 19. Rc1 Re8 20. Bf4 Nf6 21. Rce1 Rde7 22. Re5 Kd7 23. Rc5 c6 24. Bg5 Re6 25. Bxf6 Rxf6 26. Rxf6 gxf6 27. Kf2 Ke6 28. a4 Re7 29. a5 Kd6 30. h4 b6 31. axb6 axb6 32. Rh5 Ra7 1/2-1/2

[Event "Leutersdorf Muench Braeu op 06th"]
[Site "Leutersdorf"]
[Date "2001.02.14"]
[Round "6"]
[White "Fette, Martin"]
[Black "Fliter, Irena"]
[Result "1-0"]
[WhiteElo "2348"]
[BlackElo "2096"]
[PlyCount "45"]
[EventDate "2001.02.11"]
[EventType "swiss"]
[EventRounds "9"]
[EventCountry "GER"]
[SourceTitle "EXT 2002"]
[Source "ChessBase"]
[SourceDate "2001.11.25"]
[SourceVersion "1"]
[SourceVersionDate "2001.11.25"]
[SourceQuality "1"]

1. e4 c5 2. Nf3 Nc6 3. Bb5 g6 4. 0-0 Bg7 5. c3 Nf6 6. e5 Nd5 7. d4 cxd4 8. cxd4 0-0 9. Nc3 Nc7 10. Ba4 d6 11. h3 dxe5 12. dxe5 Nxe5 13. Nxe5 Bxe5 14. Qe2 Qd6 15. Rd1 Qe6 16. Bb3 Qf5 17. Bh6 Re8 18. g4 Qf6 19. Ne4 Qh4 20. Ng5 e6 21. Qxe5 Qxh6 22. Ne4 Re7 23. Nf6+ 1-0

[Event "Leutersdorf Muench Braeu op 06th"]
[Site "Leutersdorf"]
[Date "2001.02.12"]
[Round "2"]
[White "Brechlin, Olaf"]
[Black "Fette, Martin"]
[Result "0-1"]
[WhiteElo "2069"]
[BlackElo "2348"]
[PlyCount "36"]
[EventDate "2001.02.11"]
[EventType "swiss"]
[EventRounds "9"]
[EventCountry "GER"]
[SourceTitle "EXT 2002"]
[Source "ChessBase"]
[SourceDate "2001.11.25"]
[SourceVersion "1"]
[SourceVersionDate "2001.11.25"]
[SourceQuality "1"]

1. Nc3 d5 2. e4 c6 3. Nf3 Bg4 4. d4 e6 5. Be3 Nf6 6. e5 Nfd7 7. h3 Bxf3 8. Qxf3 a6 9. Qg3 c5 10. dxc5 Nc6 11. Bg5 Qa5 12. a3 d4 13. b4 Nxb4 14. axb4 Qxa1+ 15. Nd1 Qa4 16. c3 dxc3 17. Qxc3 a5 18. bxa5 Qxa5 0-1

[Event "Leutersdorf Muench Braeu op 06th"]
[Site "Leutersdorf"]
[Date "2001.02.12"]
[Round "3"]
[White "Fette, Martin"]
[Black "Meijers, Viesturs"]
[Result "1-0"]
[WhiteElo "2348"]
[BlackElo "2483"]
[PlyCount "68"]
[EventDate "2001.02.11"]
[EventType "swiss"]
[EventRounds "9"]
[EventCountry "GER"]
[SourceTitle "EXT 2002"]
[Source "ChessBase"]
[SourceDate "2001.11.25"]
[SourceVersion "1"]
[SourceVersionDate "2001.11.25"]
[SourceQuality "1"]

1. e4 e5 2. Nf3 Nf6 3. Nxe5 d6 4. Nf3 Nxe4 5. c4 c6 6. Nc3 Nxc3 7. dxc3 Be7 8. Bf4 0-0 9. Qd2 Na6 10. Be2 Re8 11. 0-0 Nc5 12. Rad1 Bf5 13. Rfe1 Qd7 14. Qc1 Rad8 15. h3 h6 16. Nd4 Bh7 17. b4 Ne4 18. Bg4 f5 19. Nxf5 Bxf5 20. Rxe4 Bxg4 21. hxg4 d5 22. cxd5 cxd5 23. Red4 Bf6 24. Rxd5 Qxd5 25. Rxd5 Rxd5 26. g3 Rd3 27. Qa3 a6 28. Qb3+ Kh8 29. Qf7 Re7 30. Qg6 Rxc3 31. Bxh6 Rc6 32. Be3 Kg8 33. Qh5 Bc3 34. Qd5+ Kh8 1-0

[Event "Bundesliga 0001"]
[Site "Germany"]
[Date "2001.01.07"]
[Round "5.6"]
[White "Poldauf, Dirk"]
[Black "Fette, Martin"]
[Result "1-0"]
[WhiteElo "2421"]
[BlackElo "2346"]
[PlyCount "69"]
[EventDate "2000.10.14"]
[EventType "team-tourn"]
[EventRounds "15"]
[EventCountry "GER"]
[SourceTitle "CBM 082 Extra"]
[Source "ChessBase"]
[SourceDate "2001.07.03"]
[SourceVersion "1"]
[SourceVersionDate "2001.07.03"]
[SourceQuality "1"]
[WhiteTeam "Neukoelln"]
[BlackTeam "Koenig Tegel"]
[WhiteTeamCountry "GER"]
[BlackTeamCountry "GER"]

1. c4 e5 2. Nc3 Nf6 3. Nf3 Nc6 4. g3 Bb4 5. Bg2 0-0 6. 0-0 Re8 7. Nd5 Bf8 8. d3 h6 9. Nxf6+ Qxf6 10. Nd2 d6 11. Ne4 Qd8 12. Nc3 g6 13. Nd5 Bg7 14. Rb1 Nd4 15. e3 Nf5 16. b4 c6 17. Nc3 Be6 18. b5 d5 19. bxc6 bxc6 20. Qa4 Ne7 21. Ba3 e4 22. d4 Bd7 23. Rb7 Nc8 24. cxd5 Nb6 25. Qa5 Nxd5 26. Qxd8 Rexd8 27. Nxe4 Nb6 28. Nc5 Be8 29. Nb3 Nd5 30. Rc1 a5 31. Nd2 Nb4 32. Bxb4 axb4 33. Rxb4 Rxa2 34. Nf1 Bf8 35. Rbc4 1-0

[Event "Kreuzberg 2000"]
[Site "Berlin"]
[Date "2000.07.24"]
[Round "3"]
[White "Fliter, Irena"]
[Black "Fette, Martin"]
[Result "0-1"]
[WhiteElo "2119"]
[BlackElo "2346"]
[PlyCount "102"]
[EventDate "2000.07.??"]
[EventType "swiss"]
[EventRounds "9"]
[EventCountry "GER"]
[SourceTitle "EXT 2001"]
[Source "ChessBase"]
[SourceDate "2000.11.22"]
[SourceVersion "1"]
[SourceVersionDate "2000.11.22"]
[SourceQuality "1"]

1. e4 c6 2. d4 d5 3. exd5 cxd5 4. Bd3 Nc6 5. c3 g6 6. Ne2 Nf6 7. 0-0 Bg7 8. Bf4 Bf5 9. Bxf5 gxf5 10. Ng3 e6 11. Nd2 0-0 12. Re1 Kh8 13. Nh5 Nxh5 14. Qxh5 Qf6 15. Re3 Qg6 16. Qxg6 hxg6 17. Rae1 Rg8 18. Nb3 b6 19. h4 Bf6 20. Rh3 Kg7 21. Bg5 Rh8 22. Ree3 Rh5 23. Bxf6+ Kxf6 24. f4 Rah8 25. g3 Ke7 26. Rh2 Rc8 27. Ree2 Nd8 28. Nc1 Nb7 29. Nd3 Nd6 30. Kg2 f6 31. Kf3 Rch8 32. Nb4 Kd7 33. Rhg2 Ne4 34. Nd3 Kd6 35. Nf2 g5 36. hxg5 fxg5 37. fxg5 Rxg5 38. Nxe4+ dxe4+ 39. Kf2 Kd5 40. Re3 Rh1 41. Re2 Rc1 42. Re3 Rc2+ 43. Re2 Rxe2+ 44. Kxe2 f4 45. Kf2 Rxg3 46. Rxg3 fxg3+ 47. Kxg3 Kc4 48. Kf2 Kd3 49. Ke1 b5 50. Kd1 e3 51. Ke1 Kc2 0-1

[Event "Berlin-ch"]
[Site "Berlin"]
[Date "2000.04.23"]
[Round "3"]
[White "Schlemermeyer, Wilhelm"]
[Black "Fette, Martin"]
[Result "1/2-1/2"]
[WhiteElo "2275"]
[BlackElo "2342"]
[PlyCount "34"]
[EventDate "2000.04.??"]
[EventType "swiss"]
[EventRounds "9"]
[EventCountry "GER"]
[SourceTitle "EXT 2001"]
[Source "ChessBase"]
[SourceDate "2000.11.22"]
[SourceVersion "1"]
[SourceVersionDate "2000.11.22"]
[SourceQuality "1"]

1. g3 d5 2. Bg2 c6 3. Nf3 Bg4 4. 0-0 Nd7 5. d3 Ngf6 6. Nbd2 e6 7. b3 Bc5 8. Bb2 0-0 9. a3 a5 10. h3 Bh5 11. e4 Qe7 12. Qe1 Bb6 13. Kh1 Ne8 14. Nh2 Nc7 15. g4 Bg6 16. f4 f6 17. Nhf3 Rae8 1/2-1/2

[Event "Berlin-ch"]
[Site "Berlin"]
[Date "2000.04.21"]
[Round "1"]
[White "Keskowski, Thilo"]
[Black "Fette, Martin"]
[Result "0-1"]
[WhiteElo "2172"]
[BlackElo "2342"]
[PlyCount "116"]
[EventDate "2000.04.??"]
[EventType "swiss"]
[EventRounds "9"]
[EventCountry "GER"]
[SourceTitle "EXT 2001"]
[Source "ChessBase"]
[SourceDate "2000.11.22"]
[SourceVersion "1"]
[SourceVersionDate "2000.11.22"]
[SourceQuality "1"]

1. e4 c6 2. d4 d5 3. Nc3 dxe4 4. Nxe4 Bf5 5. Ng3 Bg6 6. h4 h6 7. h5 Bh7 8. Nf3 Nd7 9. Bd3 Bxd3 10. Qxd3 Ngf6 11. Bd2 e6 12. 0-0-0 Be7 13. Kb1 0-0 14. Qe2 c5 15. dxc5 Bxc5 16. Be3 Qb6 17. Bxc5 Nxc5 18. Nd4 Rfd8 19. Nb3 Nxb3 20. axb3 Nd5 21. Ne4 a5 22. Nc3 Nxc3+ 23. bxc3 a4 24. Rxd8+ Rxd8 25. Kb2 axb3 26. cxb3 Qa5 27. Rh4 Qg5 28. Qe4 Rd2+ 29. Ka3 Qc5+ 30. Qb4 Qa7+ 31. Qa4 Qxf2 32. Qe8+ Kh7 33. Rc4 Ra2+ 34. Kb4 Qb6+ 35. Qb5 Qd6+ 36. Qc5 Qa6 37. Rd4 Rxg2 38. Rd6 Qe2 39. Rd7 Rg5 40. Qb6 Qe4+ 41. Ka3 Qe1 42. Kb4 Rg4+ 43. Rd4 Qe3 44. Qxb7 Rxd4+ 45. cxd4 Qxd4+ 46. Ka3 Qa1+ 47. Kb4 f5 48. Kc4 Qc1+ 49. Kd3 Qd1+ 50. Kc3 Qxh5 51. b4 Qh3+ 52. Kc2 e5 53. b5 e4 54. Qd5 Qg2+ 55. Qd2 Qf3 56. Qd5 Qf2+ 57. Kd1 h5 58. Qc6 e3 0-1

[Event "BL2-Nord 9900"]
[Site "Germany"]
[Date "2000.03.26"]
[Round "8.3"]
[White "Fette, Martin"]
[Black "Stanke, Juergen"]
[Result "0-1"]
[WhiteElo "2340"]
[BlackElo "2320"]
[PlyCount "105"]
[EventDate "1999.10.10"]
[EventType "team-tourn"]
[EventRounds "9"]
[EventCountry "GER"]
[SourceTitle "CBM 075 Extra"]
[Source "ChessBase"]
[SourceDate "2000.05.11"]
[SourceVersion "2"]
[SourceVersionDate "2000.05.11"]
[SourceQuality "1"]
[WhiteTeam "Koenig Tegel"]
[BlackTeam "Hamburger SK II"]
[WhiteTeamCountry "GER"]
[BlackTeamCountry "GER"]

1. e4 c5 2. c3 d5 3. exd5 Qxd5 4. d4 Nc6 5. Nf3 cxd4 6. cxd4 e5 7. Nc3 Bb4 8. Bd2 Bxc3 9. Bxc3 e4 10. Nd2 Nf6 11. Bc4 Qg5 12. d5 Ne5 13. Bb5+ Bd7 14. Bxd7+ Nexd7 15. 0-0 0-0 16. d6 Rfe8 17. Nc4 Re6 18. Bxf6 Rxf6 19. Qd4 Re6 20. b4 Qb5 21. Rfd1 Rd8 22. Rac1 g6 23. h3 b6 24. Qb2 Nf6 25. Rd4 Qg5 26. Rcd1 Nh5 27. Ne3 Nf4 28. d7 Nxh3+ 29. Kh1 Nf4 30. Qc2 Qh5+ 31. Kg1 Ne2+ 32. Kf1 Nxd4 33. Rxd4 Qb5+ 34. Kg1 Qc6 35. Qd2 Kg7 36. Nf5+ gxf5 37. Qg5+ Rg6 38. Qxd8 Qc1+ 39. Kh2 Rh6+ 40. Kg3 Qc3+ 41. Kf4 Qxd4 42. Qg5+ Rg6 43. d8Q Qxf2+ 44. Ke5 Qb2+ 45. Kd5 Qxa2+ 46. Kd4 Qb2+ 47. Kc4 Qc2+ 48. Kb5 Qc6+ 49. Ka6 b5+ 50. Kxa7 Qa6+ 51. Kb8 Rxg5 52. Qxg5+ Qg6 53. Qd8 0-1

[Event "BL2-Nord 9900"]
[Site "Germany"]
[Date "2000.02.20"]
[Round "6.3"]
[White "Fette, Martin"]
[Black "Hedke, Fred"]
[Result "1/2-1/2"]
[WhiteElo "2340"]
[BlackElo "2375"]
[PlyCount "41"]
[EventDate "1999.10.10"]
[EventType "team-tourn"]
[EventRounds "9"]
[EventCountry "GER"]
[SourceTitle "CBM 074 Extra"]
[Source "ChessBase"]
[SourceDate "2000.03.10"]
[SourceVersion "2"]
[SourceVersionDate "2000.03.10"]
[SourceQuality "1"]
[WhiteTeam "Koenig Tegel"]
[BlackTeam "Werder Bremen II"]
[WhiteTeamCountry "GER"]
[BlackTeamCountry "GER"]

1. e4 e5 2. Nf3 Nc6 3. Bc4 Nf6 4. d3 Be7 5. 0-0 d6 6. Bb3 0-0 7. c3 b6 8. Re1 Bb7 9. Nbd2 Na5 10. Bc2 c5 11. Nf1 Nc6 12. Ng3 g6 13. Bh6 Re8 14. h3 Bf8 15. Qd2 Qe7 16. Bg5 Bg7 17. Nh2 Qf8 18. a3 h6 19. Be3 d5 20. Qe2 d4 21. Bd2 1/2-1/2

[Event "BL2-Nord 9900"]
[Site "Germany"]
[Date "2000.01.30"]
[Round "5.3"]
[White "Czerwonski, Aleksander"]
[Black "Fette, Martin"]
[Result "0-1"]
[WhiteElo "2426"]
[BlackElo "2340"]
[PlyCount "88"]
[EventDate "1999.10.10"]
[EventType "team-tourn"]
[EventRounds "9"]
[EventCountry "GER"]
[SourceTitle "CBM 074 Extra"]
[Source "ChessBase"]
[SourceDate "2000.03.10"]
[SourceVersion "2"]
[SourceVersionDate "2000.03.10"]
[SourceQuality "1"]
[WhiteTeam "Neukloster"]
[BlackTeam "Koenig Tegel"]
[WhiteTeamCountry "GER"]
[BlackTeamCountry "GER"]

1. d4 d5 2. c4 c6 3. Nc3 Nf6 4. Nf3 dxc4 5. a4 Bf5 6. e3 e6 7. Bxc4 Bb4 8. 0-0 Nbd7 9. Nh4 Bg6 10. Qb3 a5 11. f4 0-0 12. Nxg6 hxg6 13. Na2 c5 14. Nxb4 cxb4 15. Qd3 Rc8 16. b3 Nb6 17. Bb2 Nxc4 18. bxc4 Qc7 19. Rac1 Qc6 20. Qb3 Rfd8 21. Rfd1 Qe4 22. h3 Rd7 23. Rd2 Rdc7 24. Kh2 Nd5 25. cxd5 Rxc1 26. Bxc1 Rxc1 27. dxe6 fxe6 28. d5 Rb1 29. Qd3 Qxd3 30. Rxd3 Kf7 31. d6 Ke8 32. e4 Ra1 33. Rg3 Rxa4 34. e5 Ra1 35. f5 gxf5 36. Rxg7 b3 37. Rxb7 a4 38. h4 Re1 39. h5 Rxe5 40. h6 f4 41. g4 fxg3+ 42. Kxg3 Rh5 43. Rb4 Rxh6 44. Rxa4 Rh1 0-1

[Event "BL2-Nord 9900"]
[Site "Germany"]
[Date "2000.01.09"]
[Round "4.3"]
[White "Fette, Martin"]
[Black "Buhr, Carl Christian"]
[Result "0-1"]
[WhiteElo "2340"]
[BlackElo "2335"]
[PlyCount "88"]
[EventDate "1999.10.10"]
[EventType "team-tourn"]
[EventRounds "9"]
[EventCountry "GER"]
[SourceTitle "CBM 074 Extra"]
[Source "ChessBase"]
[SourceDate "2000.03.10"]
[SourceVersion "2"]
[SourceVersionDate "2000.03.10"]
[SourceQuality "1"]
[WhiteTeam "Koenig Tegel"]
[BlackTeam "Hamburg Koenigsspringer"]
[WhiteTeamCountry "GER"]
[BlackTeamCountry "GER"]

1. e4 c5 2. Nf3 Nc6 3. Bb5 g6 4. 0-0 Bg7 5. c3 d6 6. d4 cxd4 7. cxd4 Bd7 8. Nc3 a6 9. Ba4 b5 10. Bb3 Na5 11. Bg5 Nxb3 12. Qxb3 Nf6 13. e5 dxe5 14. dxe5 Be6 15. Qb4 Nd7 16. Rfd1 h6 17. Bh4 g5 18. Bg3 Rb8 19. Nd5 a5 20. Qe4 0-0 21. Ne3 Nc5 22. Qc2 Qb6 23. Nd4 Rfc8 24. Ndf5 Bf8 25. Qe2 Ne4 26. Rac1 Nxg3 27. hxg3 Rc5 28. Qh5 Bxf5 29. Nxf5 Rxe5 30. Qf3 Rd8 31. Rxd8 Qxd8 32. Rc6 Re1+ 33. Kh2 e6 34. Ne3 Bg7 35. Ra6 Qd3 36. Ra8+ Bf8 37. Ra7 Qg6 38. g4 Bc5 39. Rxa5 Qb1 40. g3 Bxe3 41. Ra8+ Kg7 42. fxe3 Qxb2+ 43. Kh3 Qc1 44. Qf2 Rf1 0-1

[Event "Groningen op"]
[Site "Groningen"]
[Date "1999.12.27"]
[Round "8"]
[White "Fette, Martin"]
[Black "Weiss, Christian"]
[Result "1-0"]
[WhiteElo "2342"]
[BlackElo "2444"]
[PlyCount "79"]
[EventDate "1999.12.19"]
[EventType "swiss"]
[EventRounds "11"]
[EventCountry "NED"]
[SourceTitle "CBM 073 Extra"]
[Source "ChessBase"]
[SourceDate "2000.01.11"]
[SourceVersion "1"]
[SourceVersionDate "2000.01.11"]
[SourceQuality "1"]

1. e4 c6 2. d4 d5 3. exd5 cxd5 4. c4 Nf6 5. Nc3 g6 6. cxd5 Bg7 7. Bc4 0-0 8. Nge2 Na6 9. Qb3 Nc7 10. a4 Nce8 11. Qd1 b6 12. 0-0 Bb7 13. Nf4 Nd6 14. Bb3 Rc8 15. Re1 a6 16. Qe2 Nf5 17. Qd3 Qd6 18. Bd2 Qb8 19. h3 Nd7 20. Nfe2 Nxd4 21. Nxd4 Nc5 22. Qf3 Bxd4 23. Ba2 Bf6 24. Bf4 Qa8 25. Be5 Bxe5 26. Rxe5 e6 27. Qe3 exd5 28. Nxd5 Bxd5 29. Bxd5 Qb8 30. Re1 Qd6 31. Qh6 Qf6 32. R5e3 Rcd8 33. Bc4 Qg7 34. Qg5 Qd4 35. b3 Kg7 36. Re7 Rd6 37. Qg3 Rf6 38. Qe3 Qxe3 39. R1xe3 Rd6 40. Ra7 1-0

[Event "Groningen op"]
[Site "Groningen"]
[Date "1999.12.20"]
[Round "2"]
[White "Fette, Martin"]
[Black "Boer, Alef"]
[Result "1-0"]
[WhiteElo "2342"]
[BlackElo "2142"]
[PlyCount "53"]
[EventDate "1999.12.19"]
[EventType "swiss"]
[EventRounds "11"]
[EventCountry "NED"]
[SourceTitle "CBM 073 Extra"]
[Source "ChessBase"]
[SourceDate "2000.01.11"]
[SourceVersion "1"]
[SourceVersionDate "2000.01.11"]
[SourceQuality "1"]

1. e4 Nf6 2. e5 Nd5 3. d4 d6 4. Bc4 Nb6 5. Bb3 dxe5 6. Qh5 e6 7. dxe5 a5 8. a4 Na6 9. Nc3 Nc5 10. Bg5 Be7 11. Rd1 Bd7 12. Be3 Nxb3 13. cxb3 Bb4 14. Bxb6 cxb6 15. Nf3 Qe7 16. 0-0 Bc6 17. Nd4 Bxc3 18. bxc3 Rd8 19. Rfe1 0-0 20. Rd3 h6 21. Rg3 Kh7 22. f4 g6 23. Qg4 Rg8 24. Rh3 Rd7 25. Ree3 Rdd8 26. f5 Rde8 27. Rxh6+ 1-0

[Event "BL2-Nord 9899"]
[Site "Germany"]
[Date "1999.01.31"]
[Round "5.4"]
[White "Jasnikowski, Zbigniew"]
[Black "Fette, Martin"]
[Result "0-1"]
[WhiteElo "2400"]
[BlackElo "2350"]
[PlyCount "74"]
[EventDate "1998.10.18"]
[EventType "team-tourn"]
[EventRounds "9"]
[EventCountry "GER"]
[SourceTitle "GER-chT2"]
[Source "ChessBase"]
[SourceDate "1999.07.01"]
[SourceVersion "1"]
[SourceVersionDate "1999.07.01"]
[SourceQuality "1"]
[WhiteTeam "Neukloster"]
[BlackTeam "Koenig Tegel"]
[WhiteTeamCountry "GER"]
[BlackTeamCountry "GER"]

1. c4 c6 2. d4 d5 3. Nf3 Nf6 4. Nc3 dxc4 5. a4 Bf5 6. e3 e6 7. Bxc4 Bb4 8. 0-0 Nbd7 9. Nh4 Bg6 10. Be2 a5 11. g3 0-0 12. Bf3 e5 13. Nxg6 hxg6 14. d5 Bxc3 15. dxc6 bxc6 16. bxc3 e4 17. Bg2 Ne5 18. Ba3 Re8 19. Qxd8 Raxd8 20. Rfd1 Nf3+ 21. Kf1 Nxh2+ 22. Ke2 Nd5 23. Rac1 f5 24. Bc5 Rb8 25. c4 Nb4 26. Bd6 Rb7 27. Rb1 Ng4 28. Bf1 Ne5 29. Kd2 Rd7 30. c5 Ned3 31. Kc3 Kf7 32. f3 Nd5+ 33. Kd2 Nf2 34. f4 Nxd1 35. Rxd1 Rb7 36. Be5 Rb4 37. Rc1 Rh8 0-1

[Event "BL2-Nord 9798"]
[Site "Germany"]
[Date "1998.??.??"]
[Round "4.5"]
[White "Fette, Martin"]
[Black "Issing, Peter"]
[Result "1/2-1/2"]
[WhiteElo "2345"]
[BlackElo "2260"]
[PlyCount "121"]
[EventDate "1997.10.??"]
[EventType "team-tourn"]
[EventRounds "9"]
[EventCountry "GER"]
[SourceTitle "EXT 1999"]
[Source "ChessBase"]
[SourceDate "1998.11.16"]
[SourceVersion "1"]
[SourceVersionDate "1998.11.16"]
[SourceQuality "1"]
[WhiteTeam "Koenig Tegel"]
[BlackTeam "Werder Bremen II"]
[WhiteTeamCountry "GER"]
[BlackTeamCountry "GER"]

1. e4 e6 2. d4 d5 3. exd5 exd5 4. c4 Nf6 5. Nc3 Be7 6. Nf3 0-0 7. cxd5 Nxd5 8. Bd3 Nc6 9. h3 Bf6 10. 0-0 Ndb4 11. Be3 Nxd3 12. Qxd3 Nb4 13. Qc4 a5 14. Rfd1 c6 15. d5 cxd5 16. Qb5 Bd7 17. Qxb7 Bc6 18. Qb6 Qd7 19. Bg5 Rfb8 20. Qc5 Na6 21. Qe3 Bxg5 22. Qxg5 Nc7 23. Rd2 h6 24. Qg3 Bb7 25. Rc1 Ne6 26. Rcd1 Rd8 27. Nd4 Nxd4 28. Rxd4 Qf5 29. R1d2 Rd7 30. Kh2 Re8 31. Ra4 Ra8 32. Rf4 Qe5 33. Rfd4 Qe6 34. Re2 Qf6 35. Red2 Qe6 36. R2d3 Rc8 37. Re3 Qf6 38. Red3 Qe6 39. Qf4 Kf8 40. Re3 Qd6 41. Qxd6+ Rxd6 42. Red3 Rcd8 43. Rd2 Ke7 44. Kg1 Ke6 45. Kf1 Rb6 46. Ke2 Rb4 47. Ke3 Ke5 48. f3 Bc6 49. Rxb4 axb4 50. Ne2 Ra8 51. Nd4 Bd7 52. b3 Kd6 53. Kd3 Rc8 54. Rc2 Ra8 55. Rd2 h5 56. Rc2 Rg8 57. Ke3 Re8+ 58. Kf2 h4 59. Rc1 g6 60. Rc2 Ra8 61. Ke3 1/2-1/2

[Event "Berlin-ch"]
[Site "Berlin"]
[Date "1997.03.25"]
[Round "4"]
[White "Fette, Martin"]
[Black "Reichenbach, Werner"]
[Result "1-0"]
[WhiteElo "2340"]
[BlackElo "2260"]
[PlyCount "105"]
[EventDate "1997.03.22"]
[EventType "swiss"]
[EventRounds "9"]
[EventCountry "GER"]
[SourceTitle "EXT 2001"]
[Source "ChessBase"]
[SourceDate "2000.11.22"]
[SourceVersion "1"]
[SourceVersionDate "2000.11.22"]
[SourceQuality "1"]

1. e4 e6 2. d4 d5 3. exd5 exd5 4. c4 Nf6 5. Nc3 c6 6. Nf3 Be7 7. cxd5 cxd5 8. Bb5+ Bd7 9. Bxd7+ Nbxd7 10. 0-0 0-0 11. Qb3 Nb6 12. Re1 Qd6 13. Bg5 Qb4 14. Qc2 Bd8 15. a3 Qd6 16. Ne5 a6 17. Qf5 g6 18. Qf3 Nh5 19. Bh6 Ng7 20. Ng4 f6 21. Ne3 Rf7 22. Nexd5 Nxd5 23. Nxd5 Qd7 24. Bxg7 Kxg7 25. Nf4 Bb6 26. Ne6+ Kg8 27. d5 Qd6 28. g3 Bd8 29. h4 f5 30. Rad1 Bf6 31. Rd2 Rc8 32. Ree2 Be7 33. Rc2 Rb8 34. Rc7 Bf6 35. Rxf7 Kxf7 36. Rc2 Re8 37. h5 Re7 38. hxg6+ hxg6 39. Rd2 Kg8 40. Qe3 Kh7 41. Kg2 Bg7 42. Rd1 Kg8 43. b4 b6 44. Qd3 a5 45. bxa5 bxa5 46. a4 Bf6 47. Qc4 Rd7 48. Qb5 Kf7 49. Qxa5 Qe5 50. Qb5 Rd6 51. Qc4 g5 52. a5 Kg6 53. a6 1-0

[Event "Berlin-ch"]
[Site "Berlin"]
[Date "1997.03.23"]
[Round "2"]
[White "Fette, Martin"]
[Black "Welz, Peter"]
[Result "1-0"]
[WhiteElo "2340"]
[BlackElo "2205"]
[PlyCount "69"]
[EventDate "1997.03.22"]
[EventType "swiss"]
[EventRounds "9"]
[EventCountry "GER"]
[SourceTitle "EXT 2001"]
[Source "ChessBase"]
[SourceDate "2000.11.22"]
[SourceVersion "1"]
[SourceVersionDate "2000.11.22"]
[SourceQuality "1"]

1. e4 e6 2. d4 d5 3. exd5 exd5 4. c4 Nf6 5. Nc3 Be7 6. Nf3 0-0 7. Bd3 Nc6 8. 0-0 Bg4 9. Be3 Nb4 10. Be2 dxc4 11. Bxc4 Nbd5 12. h3 Bh5 13. g4 Bg6 14. Ne5 Nxe3 15. fxe3 c6 16. Qf3 Bd6 17. Nxg6 hxg6 18. g5 Ne4 19. h4 Nxc3 20. Bxf7+ Kh8 21. bxc3 Qe7 22. Rae1 Rad8 23. Re2 Rd7 24. Ref2 Bc7 25. Qg4 Rxf7 26. Rxf7 Qxe3+ 27. Kg2 Rxf7 28. Rxf7 Bd6 29. Rf2 Qxc3 30. h5 gxh5 31. Qxh5+ Kg8 32. g6 Qg3+ 33. Kf1 Qd3+ 34. Re2 Qc4 35. Qh7+ 1-0

[Event "BL2-Nord 9798"]
[Site "Germany"]
[Date "1997.??.??"]
[Round "2.5"]
[White "Fette, Martin"]
[Black "Cladouras, Panagiotis"]
[Result "1/2-1/2"]
[WhiteElo "2345"]
[BlackElo "2390"]
[PlyCount "41"]
[EventDate "1997.10.??"]
[EventType "team-tourn"]
[EventRounds "9"]
[EventCountry "GER"]
[SourceTitle "EXT 1999"]
[Source "ChessBase"]
[SourceDate "1998.11.16"]
[SourceVersion "1"]
[SourceVersionDate "1998.11.16"]
[SourceQuality "1"]
[WhiteTeam "Koenig Tegel"]
[BlackTeam "Luebeck"]
[WhiteTeamCountry "GER"]
[BlackTeamCountry "GER"]

1. e4 c5 2. Nf3 e6 3. b3 b6 4. c4 Bb7 5. Nc3 Nc6 6. Bb2 Nd4 7. Bd3 Nh6 8. 0-0 Bd6 9. Nb5 Nxb5 10. Bxg7 Rg8 11. Bxh6 Nd4 12. Nxd4 Qh4 13. Nf3 Qxh6 14. Re1 f6 15. Bf1 f5 16. e5 Qf4 17. Re3 Bc7 18. g3 Bxf3 19. Qxf3 Qxf3 20. Rxf3 Bxe5 21. Re1 1/2-1/2